书目信息 |
| 题名: |
延安精神
|
|
| 作者: | 何虎生 著 | |
| 分册: | ||
| 出版信息: | 合肥 安徽教育出版社 2019.1 |
|
| 页数: | 200页 | |
| 开本: | 23cm | |
| 丛书名: | 红色初心丛书 | |
| 单 册: | ||
| 中图分类: | D648.4 | |
| 科图分类: | ||
| 主题词: | 延安精神--yan an jing shen--研究 | |
| 电子资源: | ||
| ISBN: | 978-7-5336-8805-9 | |
| 000 | 00981oam2 2200253 450 | |
| 001 | 2156265974 | |
| 005 | 20211011172911.0 | |
| 010 | @a978-7-5336-8805-9@dCNY27.00 | |
| 100 | @a20181213d2019 em y0chiy0110 ea | |
| 101 | 0 | @achi |
| 102 | @aCN@b340000 | |
| 105 | @ay z 000yy | |
| 106 | @ar | |
| 200 | 1 | @a延安精神@Ayan an jing shen@f何虎生著 |
| 210 | @a合肥@c安徽教育出版社@d2019.1 | |
| 215 | @a200页@d23cm | |
| 225 | 2 | @a红色初心丛书@Ahong se chu xin cong shu |
| 330 | @a延安精神是中国共产党人在延安时期的全部优良传统和作风的概括,是一个博大精深的体系,它继承了井冈山精神、长征精神的优良传统,有着非常丰富的内容。本书在综合历任领导人对延安精神的论述的基础上,将延安精神科学的归纳为四个方面加以描述,文笔生动、史料详实,充分体现了对延安精神的继承与弘扬。 | |
| 461 | 0 | @12001 @a红色初心丛书 |
| 606 | 0 | @a延安精神@Ayan an jing shen@x研究 |
| 690 | @aD648.4@v5 | |
| 701 | 0 | @a何虎生@Ahe hu sheng@4著 |
| 801 | 0 | @aCN@b百万庄@c20211006 |
| 905 | @b1305294-97@dD648.4@e238@f4 | |
| 延安精神/何虎生著.-合肥:安徽教育出版社,2019.1 |
| 200页;23cm.-(红色初心丛书) |
| ISBN 978-7-5336-8805-9:CNY27.00 |
| 延安精神是中国共产党人在延安时期的全部优良传统和作风的概括,是一个博大精深的体系,它继承了井冈山精神、长征精神的优良传统,有着非常丰富的内容。本书在综合历任领导人对延安精神的论述的基础上,将延安精神科学的归纳为四个方面加以描述,文笔生动、史料详实,充分体现了对延安精神的继承与弘扬。 |
| ● |
| 相关链接 |
|
|
|
|
正题名:延安精神
索取号:D648.4/238
 
预约/预借
| 序号 | 登录号 | 条形码 | 馆藏地/架位号 | 状态 | 备注 |
| 1 | 1305294 | 213052943 | 第一样本阅览室/ [索取号:D648.4/238] | 在馆 | |
| 2 | 1305295 | 213052952 | 第一借阅区/ [索取号:D648.4/238] | 在馆 | |
| 3 | 1305296 | 213052961 | 第一借阅区/ [索取号:D648.4/238] | 在馆 | |
| 4 | 1305297 | 213052970 | 第一借阅区/ [索取号:D648.4/238] | 在馆 |